| 000 | 00417nam a2200157 a 4500 | ||
|---|---|---|---|
| 001 | 000034006 | ||
| 005 | 20200930070708.0 | ||
| 008 | 110921s1982 dr 000 0 spa d | ||
| 040 |
_aDO-SdBNP _bspa _cBNPHU |
||
| 082 |
_axxxx _bN127 |
||
| 100 | 1 |
_aNadal, Pablo _922625 |
|
| 245 | 1 | 0 |
_a"Canciones tureyanas" / _cPablo Nadal. |
| 260 |
_aSanto Domingo : _b[s. n.], _c1982. |
||
| 300 |
_a111 p. ; _c20 cm. |
||
| 049 | _aBNPHU | ||
| 999 |
_c33497 _d33497 |
||